[Event "Moia op 8th"]
[Site "Moia"]
[Date "2019.11.01"]
[Round "5.9"]
[White "Rojas Gutierrez, Miquel"]
[Black "Torrabadella Serena, Arnau"]
[Result "1/2-1/2"]
[WhiteElo "1508"]
[BlackElo "1520"]
[PlyCount "143"]
[EventDate "2019.09.20"]
[EventType "swiss"]
[EventRounds "8"]
[EventCountry "ESP"]
[SourceTitle "EXT 2024"]
[Source "ChessBase"]
[SourceDate "2023.10.10"]
[SourceVersion "1"]
[SourceVersionDate "2023.10.10"]
[SourceQuality "1"]

1. d4 d5 2. Nf3 Nf6 3. g3 Bf5 4. Bg2 Nc6 5. Nc3 Qd7 6. Bf4 a6 7. Nh4 0-0-0 8. Nxf5 Qxf5 9. h4 e6 10. a3 Be7 11. Qd2 h6 12. 0-0-0 Rhg8 13. f3 g5 14. hxg5 hxg5 15. Be3 g4 16. fxg4 Rxg4 17. Bh3 Rdg8 18. Rdf1 Qg6 19. Bxg4 Qxg4 20. Rhg1 Qg6 21. Kb1 Bd6 22. Bf4 Be7 23. Qd3 Qxd3 24. cxd3 Ng4 25. e3 f5 26. Rh1 Bg5 27. Rh7 Bxf4 28. gxf4 Nxe3 29. Re1 Rg3 30. Nd1 Nxd1 31. Rxd1 Nxd4 32. Rf7 Rf3 33. Rh1 b5 34. Rc1 Kb7 35. Rcxc7+ Kb6 36. b4 Rxf4 37. Kb2 Rf2+ 38. Kc3 Rc2+ 39. Kxd4 Rxc7 40. Rf6 Rc6 41. Ke5 a5 42. Rf8 axb4 43. axb4 Ka7 44. Kd4 Kb7 45. Ke5 d4 46. Rd8 Kc7 47. Rxd4 Rb6 48. Rh4 Kd7 49. d4 Ke7 50. Rh7+ Kd8 51. d5 exd5 52. Kxd5 Rf6 53. Rh3 f4 54. Rf3 Ke7 55. Ke5 Rf7 56. Rxf4 Rxf4 57. Kxf4 Kd6 58. Ke4 Ke6 59. Kd3 Kd5 60. Kc3 Ke4 61. Kc2 Kd4 62. Kb3 Kd3 63. Kb2 Kc4 64. Kc2 Kxb4 65. Kb2 Kc4 66. Kc2 b4 67. Kb2 b3 68. Kb1 Kb4 69. Kb2 Ka4 70. Kb1 Ka3 71. Ka1 Kb4 72. Kb2 1/2-1/2

[Event "Moia op 8th"]
[Site "Moia"]
[Date "2019.10.25"]
[Round "4.10"]
[White "Torrabadella Serena, Arnau"]
[Black "Juncosa Padros, Ernest"]
[Result "0-1"]
[WhiteElo "1520"]
[BlackElo "1576"]
[PlyCount "96"]
[EventDate "2019.09.20"]
[EventType "swiss"]
[EventRounds "8"]
[EventCountry "ESP"]
[SourceTitle "EXT 2024"]
[Source "ChessBase"]
[SourceDate "2023.10.10"]
[SourceVersion "1"]
[SourceVersionDate "2023.10.10"]
[SourceQuality "1"]

1. e4 c5 2. Nf3 e6 3. d4 cxd4 4. Nxd4 Nc6 5. Nc3 a6 6. Be3 Qc7 7. Qd2 Bb4 8. 0-0-0 Nf6 9. f3 Ne5 10. Nde2 Nc4 11. Bf4 e5 12. Bxe5 Qxe5 13. Qd4 Bxc3 14. Nxc3 Qxd4 15. Rxd4 Ne5 16. f4 Nc6 17. Rd2 0-0 18. g3 b5 19. Bg2 Ra7 20. Bf3 h6 21. Rhd1 Na5 22. e5 Nh7 23. Bg4 Nc4 24. Rd3 Nb6 25. Ne4 f5 26. exf6 Nxf6 27. Nxf6+ Rxf6 28. b3 Rc6 29. Rd4 Rac7 30. R1d2 d5 31. Bf3 Bf5 32. Bd1 a5 33. Kb2 Be4 34. Rf2 g6 35. Rdd2 h5 36. Bf3 Bxf3 37. Rxf3 Kf7 38. f5 g5 39. h3 b4 40. h4 g4 41. Re3 a4 42. Re5 Re7 43. Rexd5 Nxd5 44. Rxd5 a3+ 45. Kc1 Re2 46. Rd2 Rxd2 47. Kxd2 Kf6 48. Kd3 Kxf5 0-1